Religion Quiz

Random Religion or Food Quiz
Score 0/24 Timer 06:00
11 Plays Today
Symbol % Correct
crucifix/cross
98.5%
Paschal Lamb
95.6%
candle and flame
94.5%
dove
92.1%
three-leafed clover
91.1%
Bible
91.1%
Easter eggs
90.5%
rosary beads
90.4%
Eucharist
87.6%
crown of thorns
87.6%
crossed keys
81.9%
chalice
81.3%
Symbol % Correct
lilies
80.5%
altar
76.3%
The Good Shepherd
71.4%
alb
70.4%
Sacred Heart
63.5%
censer/thurible
60.4%
Alpha and Omega
60.2%
Fleur-de-Lis
57.9%
mitre
57.3%
ichthys
32.5%
aspergillum and holy water
26.9%
Chi Rho
16.8%
Remove Ads.
Support Sporcle.
Get the best of Sporcle when you Go Orange. This ad-free experience offers more features, more stats, and more fun while also helping to support Sporcle. Thank you for becoming a member.

You're not logged in!

Compare scores with friends on all Sporcle quizzes.
OR
Log In

Show Comments

Extras

Top Quizzes Today


Score Distribution

Your Account Isn't Verified!

In order to create a playlist on Sporcle, you need to verify the email address you used during registration. Go to your Sporcle Settings to finish the process.

Report this User

Report this user for behavior that violates our Community Guidelines.

Details: